Clinical Examination (Record no. 157567)

MARC details
000 -LEADER
fixed length control field 00345nam a2200133Ia 4500
008 - FIXED-LENGTH DATA ELEMENTS--GENERAL INFORMATION
fixed length control field 230411s9999 xx 000 0 und d
041 ## - LANGUAGE CODE
Language code of text/sound track or separate title eng
082 ## - DEWEY DECIMAL CLASSIFICATION NUMBER
Classification number MS/616.0754/EPS/B07439
100 ## - MAIN ENTRY--PERSONAL NAME
Personal name Epstein Owen
9 (RLIN) 179566
245 ## - TITLE STATEMENT
Title Clinical Examination
260 ## - PUBLICATION, DISTRIBUTION, ETC. (IMPRINT)
Name of publisher, distributor, etc. Mosby Elsevier
Place of publication, distribution, etc. Edinburgh
Date of publication, distribution, etc. 2008
300 ## - PHYSICAL DESCRIPTION
Extent 438p
Holdings
Withdrawn status Lost status Damaged status Not for loan Collection code Home library Current library Date acquired Vendor Cost, normal purchase price Bill number Total Checkouts Full call number Barcode Date last seen Cost, replacement price Bill Date Koha item type Original Barcode
        MS Smt. Bakul Tambat Institute of Nursing Education Smt. Bakul Tambat Institute of Nursing Education 20/03/2013 B.J.Medical Co-oprative College Stores 1954.91 5529   MS 616.0754 EPS B07439 BTIN-BK-7439 11/04/2023 1271.00 20/03/2013 Books B07439